Statistics for Dota Mini Quiz

Click here to take the quiz!

General Stats

  • This quiz has been taken 600 times
  • The average score is 7 of 10

Answer Stats

HintAnswer% Correct
The more he duels, the stronger he becomesLegion Commander
93%
I have a gun, and it works just like Monkey King Bar!Sniper
91%
I feel empowered whenever I smell blood...Blood Seeker
87%
You need a stunner? I'm always the best choice!Earth Shaker
87%
Test my anchor!Tide Hunter
77%
The sneakiest little one whose presence is unseen.Rikimaru
62%
You'll be daunted by his presence with lowered armor.Shadow Fiend
61%
Earthquake? That's exactly what I'm capable of!Sand King
44%
Never underestimate the wrath of a dwarf; no one can escape his wrath!Zeus
38%
Who's the Iron Hand of Justice?Phantom Assassin
15%

Score Distribution

Percentile by Number Answered

Percent of People with Each Score

Your Score History

You have not taken this quiz